Practica de sustanciar pleitos ejecutivos, y ordinarios : conforme al estilo de los juzgados de Madrid, de las Chancillerías, Audiencias, y demás tribunales del reyno, con estension de los pedimentos, autos y diligencias judiciales, é inclusion de varios instrumentos y advertencias á escribanos, procuradores y alguaciles / escrita por don Antonio Martinez Salazar.. ; corregida, anotada y adicionada... con formularios y con el arancel de escribanos, procuradores & y arregladas ...por D. Santiago de Alvarado y de la Peña. (Record no. 159013)

MARC details
000 -LEADER
campo de control de longitud fija 01231nam a22002175i 4500
001 - NÚMERO DE CONTROL
campo de control 159013
003 - IDENTIFICADOR DE NÚMERO DE CONTROL
campo de control ES-MaACL
005 - FECHA Y HORA DE LA ÚLTIMA TRANSACCIÓN
campo de control 20230906211420.0
008 - DATOS DE LONGITUD FIJA--INFORMACIÓN GENERAL
campo de control de longitud fija 970605s1828 sp |||| | spa d
040 ## - FUENTE DE CATALOGACIÓN
Centro catalogador/agencia de origen CARM
Lengua de catalogación spa
Centro/agencia transcriptor CCPB | SIC
080 ## - NÚMERO DE LA CLASIFICACIÓN DECIMAL UNIVERSAL
Número de la Clasificación Decimal Universal 347
100 1# - ENTRADA PRINCIPAL--NOMBRE DE PERSONA
Nombre de persona Martinez Salazar, Antonio.
9 (RLIN) 129574
245 10 - MENCIÓN DEL TÍTULO
Título Practica de sustanciar pleitos ejecutivos, y ordinarios : conforme al estilo de los juzgados de Madrid, de las Chancillerías, Audiencias, y demás tribunales del reyno, con estension de los pedimentos, autos y diligencias judiciales, é inclusion de varios instrumentos y advertencias á escribanos, procuradores y alguaciles / escrita por don Antonio Martinez Salazar.. ; corregida, anotada y adicionada... con formularios y con el arancel de escribanos, procuradores & y arregladas ...por D. Santiago de Alvarado y de la Peña.
250 ## - MENCION DE EDICION
Mención de edición 5ª ed.
260 ## - PUBLICACIÓN, DISTRIBUCIÓN, ETC.
Lugar de publicación, distribución, etc. Madrid :
Nombre del editor, distribuidor, etc. [s.n.],
Fecha de publicación, distribución, etc. 1828 (
Fabricante Por Julian Viana Razola)
300 ## - DESCRIPCIÓN FÍSICA
Extensión 283 p. ;
Dimensiones 22 cm.
650 ## - PUNTO DE ACCESO ADICIONAL DE MATERIA--TÉRMINO DE MATERIA
Término de materia o nombre geográfico como elemento de entrada Procesos-
Subdivisión geográfica España.
9 (RLIN) 157314
650 04 - PUNTO DE ACCESO ADICIONAL DE MATERIA--TÉRMINO DE MATERIA
Término de materia o nombre geográfico como elemento de entrada Derecho procesal-
Subdivisión geográfica España.
9 (RLIN) 11762
700 1# - ENTRADA AGREGADA--NOMBRE PERSONAL
Nombre de persona Alvarado y de la Peña, Santiago de.
9 (RLIN) 125632
852 ## - LOCALIZACIÓN
Ubicación ES-MaACL
Número de control de estantería Z-199
Encuadernación Olim: G-5921
Signatura antigua
Nota libre -- Enc. pasta
-- .- Legado M. de La Fuente
Holdings
Estatus retirado Estado de pérdida Estado de daño No para préstamo Colección Biblioteca de origen Biblioteca actual Ubicación en estantería Fecha de adquisición Total de préstamos Signatura topográfica completa Código de barras Visto por última vez Precio de reemplazo Tipo de ítem Koha
        Libros del s. XIX Biblioteca del Ateneo de Madrid Biblioteca del Ateneo de Madrid Depósito Z 17/01/2008   Z-199 1166459 23/02/2023 23/02/2023 Libro impreso antiguo